000 00548nam a2200217 a 4500
999 _c5346
_d5346
001 5346
003 BD-JhCC
005 20171213111249.0
008 171213s1971 e a|||| || | 000 0 eng d
035 _a(BD-JhCC)5346
040 _aBD-JhCC
_dBD-JhCC
041 _aeng
082 _a004
_bCAR 1971
100 _aCarey, David
245 _aThe Computer :
_bHow it works' /
_cDavid Carey,
260 _aLoughborough :
_bLadybird Books Ltd,
_c1971.
300 _a50 p. :
_bill. ;
_c18 cm.
650 _aComputer
942 _2ddc
_cBK